| 000 | 00486pam a2200193 a 4500 | ||
|---|---|---|---|
| 020 | _a039435480X (pbk.) : | ||
| 040 | _cDLC | ||
| 082 | 0 | 0 | _a150 |
| 100 | 1 | _aHaber, Audrey. | |
| 245 | 1 | 0 | _aFundamentals of psychology / |
| 250 | _a4th ed. | ||
| 260 |
_aNew York : _bRandom House, _cc1986. |
||
| 300 |
_axvi, 598 p. : _bill. (some col.) ; _c26 cm. |
||
| 500 | _aIncludes indexes. | ||
| 650 | 0 | _aPsychology. | |
| 650 | 2 | _aPsychology. | |
| 700 | 1 | _aRunyon, Richard P. | |
| 942 | _cAEDBB | ||
| 999 |
_c11833 _d11833 |
||